00566nmm a2200169Ia 4500008004100000020001500041041000800056100002100064245010900085264005100194300001800245490003000263650002900293856005000322942000700372999001700379251105s9999||||xx |||||||||||||||||und|| a8470304828 aspa aCosta, Joaquín 0aOligarquía y caciquismo :b Como la forma actual de gobierno en España: urgencia y modo de cambiarla a[Madrid, España] :bBiblioteca Nueva, c1998 a241 páginas aCien años después, 98 aHistory of Europe: Spain uhttps://public.digitaliapublishing.com/a/4416 cCF c73088d73088